Score 0/20 Timer 01:30
0 Plays Today
% Correct
Fuji
89.6%
Finland
87.3%
Freddie Mercury
86.2%
Fidel Castro
85.4%
Fluorine
85.3%
Femur
85%
Fort Worth
84.9%
Flames
80.6%
Fjord
79.9%
Frida Kahlo
77.9%
% Correct
Futbol
76.9%
Ferrari
74.7%
Forbidden City
73.8%
Fergie
73%
Federico Fellini
71.9%
Florence
71.6%
Frank Sinatra
71.1%
Fault
66.8%
Fremantle
61.7%
Fiat
56.6%
Remove Ads.
Support Sporcle.
Get the best of Sporcle when you Go Orange. This ad-free experience offers more features, more stats, and more fun while also helping to support Sporcle. Thank you for becoming a member.

You're not logged in!

Compare scores with friends on all Sporcle quizzes.
OR
Log In

Sporcle TV

Today on Sporcle TV


Watch our educational content, quiz creation guides, and fun videos on Sporcle TV.

Show Comments

Extras

Top Quizzes Today


Score Distribution

Paid Content

Your Account Isn't Verified!

In order to create a playlist on Sporcle, you need to verify the email address you used during registration. Go to your Sporcle Settings to finish the process.

Report this User

Report this user for behavior that violates our Community Guidelines.

Details: